MARC

LEADER 00000nam0a2200000 4500
001 104786
005 20231031114134.0
035 |a (RuTPU)RU\TPU\book\112992 
090 |a 104786 
100 |a 20061108d1963 km y0rusy50 ca 
101 0 |a rus 
102 |a RU 
105 |a a g 001zy 
200 1 |a Справочник по производству гипса и гипсовых изделий  |f под ред. К. А. Зубарева 
210 |a Москва  |c Госстройиздат  |d 1963 
215 |a 464 с.  |c ил. 
320 |a Библиогр.: с. 459-460. 
610 1 |a гипс 
610 1 |a производство 
610 1 |a справочники 
610 1 |a гипсовые изделия 
610 1 |a сырье 
610 1 |a физико-химические свойства 
610 1 |a изделия 
610 1 |a гипсовая промышленность 
610 1 |a оборудование 
610 1 |a автоматизация 
610 1 |a испытания 
610 1 |a технологические расчеты 
675 |a 666.81(035)  |v 3 
702 1 |a Зубарев  |b К. А.  |4 340 
801 1 |a RU  |b 63413507  |c 20061108  |g PSBO 
801 2 |a RU  |b 63413507  |c 20170921  |g PSBO 
942 |c BK